Welcome to WEB OPAC of MRSPTU Central Library

Security analysis and portfolio management (Record no. 5600)

MARC details
000 -LEADER
fixed length control field 00450nam a2200181Ia 4500
008 - FIXED-LENGTH DATA ELEMENTS--GENERAL INFORMATION
fixed length control field 230711s9999||||xx |||||||||||||| ||und||
020 ## - INTERNATIONAL STANDARD BOOK NUMBER
International Standard Book Number 978-81-317-5920-2
041 ## - LANGUAGE CODE
Language code of text/sound track or separate title ENG
082 ## - DEWEY DECIMAL CLASSIFICATION NUMBER
Classification number 658
Item number RA-S
100 ## - MAIN ENTRY--PERSONAL NAME
Personal name Ranganatham,M
245 #0 - TITLE STATEMENT
Title Security analysis and portfolio management
250 ## - EDITION STATEMENT
Edition statement 2nd Ed.
260 ## - PUBLICATION, DISTRIBUTION, ETC.
Date of publication, distribution, etc. 2012
Place of publication, distribution, etc. New Delhi
Name of publisher, distributor, etc. Pearson
300 ## - PHYSICAL DESCRIPTION
Extent 766
650 ## - SUBJECT ADDED ENTRY--TOPICAL TERM
Topical term or geographic name entry element UNIVESITY BUSNIESS SCHOOL
700 ## - ADDED ENTRY--PERSONAL NAME
Personal name Madhumathi,R
942 ## - ADDED ENTRY ELEMENTS (KOHA)
Koha item type Book
Holdings
Withdrawn status Lost status Damaged status Not for loan Collection Home library Current library Date acquired Total checkouts Full call number Barcode Date last seen Price effective from Koha item type Date last checked out
          MRSPTU Central Library MRSPTU Central Library     658 RA-S 25450 08/17/2023 08/17/2023 Book  
          MRSPTU Central Library MRSPTU Central Library     658 RA-S 25451 08/17/2023 08/17/2023 Book  
          MRSPTU Central Library MRSPTU Central Library     658 RA-S 25452 08/17/2023 08/17/2023 Book  
          MRSPTU Central Library MRSPTU Central Library   1 658 RA-S 25453 03/04/2025 08/17/2023 Book 02/14/2025
          MRSPTU Central Library MRSPTU Central Library     658 RA-S 25454 09/04/2023 08/17/2023 Book  
          MRSPTU Central Library MRSPTU Central Library     658 RA-S 25455 08/17/2023 08/17/2023 Book  
          MRSPTU Central Library MRSPTU Central Library     658 RA-S 25456 08/17/2023 08/17/2023 Book  
          MRSPTU Central Library MRSPTU Central Library     658 RA-S 25457 08/17/2023 08/17/2023 Book  
          MRSPTU Central Library MRSPTU Central Library     658 RA-S 25458 08/17/2023 08/17/2023 Book  
          MRSPTU Central Library MRSPTU Central Library     658 RA-S 25459 08/17/2023 08/17/2023 Book  

Website Designed and Developed by MRSPTU Central Library Team

E-mail Id: librarian@mrsptu.ac.in